| 000 -LEADER |
| fixed length control field |
01538cam a2200409 i 4500 |
| 001 - CONTROL NUMBER |
| control field |
17347091 |
| 003 - CONTROL NUMBER IDENTIFIER |
| control field |
OSt |
| 005 - DATE AND TIME OF LATEST TRANSACTION |
| control field |
20180116183104.0 |
| 008 - FIXED-LENGTH DATA ELEMENTS--GENERAL INFORMATION |
| fixed length control field |
120614t20142014at a b 001 0 eng c |
| 010 ## - LIBRARY OF CONGRESS CONTROL NUMBER |
| LC control number |
2012942042 |
| 020 ## - INTERNATIONAL STANDARD BOOK NUMBER |
| International Standard Book Number |
9781133943440 |
| 020 ## - INTERNATIONAL STANDARD BOOK NUMBER |
| International Standard Book Number |
1133943446 |
| 035 ## - SYSTEM CONTROL NUMBER |
| System control number |
(OCoLC)ocn854900720 |
| 040 ## - CATALOGING SOURCE |
| Original cataloging agency |
UPM |
| Language of cataloging |
eng |
| Transcribing agency |
UPM |
| Description conventions |
rda |
| Modifying agency |
YDXCP |
| -- |
OCLCF |
| -- |
DLC |
| 042 ## - AUTHENTICATION CODE |
| Authentication code |
pcc |
| 043 ## - GEOGRAPHIC AREA CODE |
| Geographic area code |
n-us-pa |
| 050 00 - LIBRARY OF CONGRESS CALL NUMBER |
| Classification number |
155 |
| Item number |
.K35 2014 |
| 082 00 - DEWEY DECIMAL CLASSIFICATION NUMBER |
| Classification number |
155 |
| Edition number |
23 |
| 100 1# - MAIN ENTRY--PERSONAL NAME |
| Personal name |
Kail, Robert V. |
| 245 10 - TITLE STATEMENT |
| Title |
Essentials of human development . |
| Remainder of title |
a life-span view . |
| Statement of responsibility, etc. |
Robert V. Kail, John C. Cavanaugh. |
| 250 ## - EDITION STATEMENT |
| Edition statement |
Student edition. |
| 260 ## - PUBLICATION, DISTRIBUTION, ETC. |
| Place of publication, distribution, etc. |
Australia. |
| Name of publisher, distributor, etc. |
WADSWORTH CENGAGE Learning. |
| Date of publication, distribution, etc. |
2014. |
| 300 ## - PHYSICAL DESCRIPTION |
| Extent |
xxix, 542 pages : |
| Other physical details |
illustrations (chiefly colored) ; |
| Dimensions |
28 cm |
| 500 ## - GENERAL NOTE |
| General note |
Paper Cover |
| 504 ## - BIBLIOGRAPHY, ETC. NOTE |
| Bibliography, etc. note |
Includes bibliographical references (pages 477-518) and indexes. |
| 600 ## - SUBJECT ADDED ENTRY--PERSONAL NAME |
| Personal name |
Kail, Robert V. |
| 650 #0 - SUBJECT ADDED ENTRY--TOPICAL TERM |
| Topical term or geographic name entry element |
Developmental psychology. |
| 650 #7 - SUBJECT ADDED ENTRY--TOPICAL TERM |
| Topical term or geographic name entry element |
Developmental psychology. |
| Source of heading or term |
fast |
| 700 1# - ADDED ENTRY--PERSONAL NAME |
| Personal name |
Cavanaugh, John C. |
| 856 41 - ELECTRONIC LOCATION AND ACCESS |
| Materials specified |
Table of contents only |
| Uniform Resource Identifier |
<a href="http://www.loc.gov/catdir/enhancements/fy1506/2012942042-t.html">http://www.loc.gov/catdir/enhancements/fy1506/2012942042-t.html</a> |
| 856 42 - ELECTRONIC LOCATION AND ACCESS |
| Materials specified |
Publisher description |
| Uniform Resource Identifier |
<a href="http://www.loc.gov/catdir/enhancements/fy1506/2012942042-d.html">http://www.loc.gov/catdir/enhancements/fy1506/2012942042-d.html</a> |
| 856 42 - ELECTRONIC LOCATION AND ACCESS |
| Materials specified |
Contributor biographical information |
| Uniform Resource Identifier |
<a href="http://www.loc.gov/catdir/enhancements/fy1506/2012942042-b.html">http://www.loc.gov/catdir/enhancements/fy1506/2012942042-b.html</a> |
| 906 ## - LOCAL DATA ELEMENT F, LDF (RLIN) |
| a |
7 |
| b |
cbc |
| c |
pccadap |
| d |
2 |
| e |
ncip |
| f |
20 |
| g |
y-gencatlg |
| 942 ## - ADDED ENTRY ELEMENTS (KOHA) |
| Source of classification or shelving scheme |
|
| Koha item type |
Book |
| Call number prefix |
155 |